Children composing : 4-14

Αποθηκεύτηκε σε:
Λεπτομέρειες βιβλιογραφικής εγγραφής
Κύριος συγγραφέας: Glover, Joanna
Μορφή: Βιβλίο
Γλώσσα:English
Δημοσίευση: London ; : New York : Routldge/Falmer, 2000
Θέματα:
Ετικέτες: Προσθήκη ετικέτας
Δεν υπάρχουν, Καταχωρήστε ετικέτα πρώτοι!

MARC

LEADER 00000nam a2200000 i 4500
001 1/46812
008 040114s2000 eng d
020 |a 0-415-23073-X 
035 |l 10071967 
040 |a GR-MY-UA  |b gre  |e aacr 
041 0 |a eng 
082 0 |a 372.874 
100 1 |a Glover, Joanna. 
245 1 0 |a Children composing :  |b 4-14 /  |c Joanna Glover 
260 |a London ; :   |a New York :   |b Routldge/Falmer,   |c 2000 
300 |a 143 p. 
504 |a Includes bibliographical references and index 
650 0 0 |a School music  |x Instruction and study. 
650 0 0 |a Composition (Music) 
852 |a INST  |b RHODES  |e 20040114  |h 372.874 GLO  |p 005400019846  |q 005400019846  |t BK  |y 0 
901 |a BIBL4-2004-1 
909 |a Ρ  |b 107711 
922 |a 4ΕΛΗ  |b 200312  |c ΕΠΕΑΕΚ2/ΤΕΠΑΕΣ  |d ΜΙΧΑΛΟΠΟΥΛΟΣ 
950 |a 096-2003-10-23 
970 |a ΚΟΥΛΑΚΙΟΤΗ  |b ΛΙΤΣΑ  |z 2004/01/21